| 000 | 00000nam##2200000za#4500 |
| 001 | 9.602947 |
| 003 | CaOODSP |
| 005 | 20240212134142 |
| 007 | cr ||||||||||| |
| 008 | 150406|2000||||xxc|||||o f|0| 0 fre|d |
| 040 | |aCaOODSP|bfre |
| 043 | |an-cn--- |
| 086 | 1 |aNE22-1/2000-6F-PDF |
| 110 | 1 |aCanada. |bOffice national de l'énergie. |
| 245 | 10|aMotifs de décision relativement à Maritimes & Northeast Pipeline Management Ltd. : |h[ressource électronique]|bdemande du 28 février 2000, dans sa version modifiée, visant les droits exigibles à compter du 1er décembre 1999 |
| 246 | 1 |iTitre de renvoi : |aMaritimes & Northeast Pipeline Management Ltd. |
| 260 | |aCalgary - Alberta : |bOffice national de l'énergie |cAoût 2000. |
| 300 | |a58p.|btableaux |
| 490 | 1 |aMotifs de décision|vRH-1-2000 |
| 500 | |aLe nº de catalogue (NE22-1/2000-6F) et l'ISBN (0-662-85020-3) de l'édition imprimée ont été incorrectement copiés dans cette édition électronique. |
| 590 | |a12-10-Supp|b2012-03-23 |
| 775 | 08|tReasons for decision in the matter of Maritimes & Northeast Pipeline Management Ltd. : |w(CaOODSP)9.572602 |
| 776 | 0#|tMaritime & Northeast Pipeline Management Ltd. : |w(CaOODSP)9.625421 |
| 830 | #0|aMotifs de décision (Canada. Office national de l'énergie)|vRH-1-2000|w(CaOODSP)9.500899 |
| 856 | 40|ahttp://publications.gc.ca|qPDF|s406 Ko|uhttps://publications.gc.ca/collections/collection_2011/one-neb/NE22-1-2000-6-fra.pdf|yRH-1-2000 |